000 00567 a2200205 4500
005 20260417132051.0
008 260417b |||||||| |||| 00| 0 eng d
020 _a9781498771900
_cRs. 9995.00
040 _aMAIN
082 _a628.1
_bC422H
100 _aCheremisinoff, Paul N
245 _aHandbook of water and wastewater treatment technology
260 _bCRC Press
_c2018
_aLondon
300 _avi, 833
650 _aEnvironmental Engineering
650 _aWater Supply
650 _aSanitary
650 _aWastewater Treatment Technology
942 _cBK
999 _c395745
_d395745